New Testament theology / (Record no. 10611)
[ view plain ]
| 000 -LEADER | |
|---|---|
| fixed length control field | 00990nam a2200277Ii 4500 |
| 001 - CONTROL NUMBER | |
| control field | 23128662 |
| 003 - CONTROL NUMBER IDENTIFIER | |
| control field | OCoLC |
| 005 - DATE AND TIME OF LATEST TRANSACTION | |
| control field | 20250204103800.0 |
| 008 - FIXED-LENGTH DATA ELEMENTS--GENERAL INFORMATION | |
| fixed length control field | 910220c19901986miu b 001 0 eng d |
| 020 ## - INTERNATIONAL STANDARD BOOK NUMBER | |
| International Standard Book Number | 0310455715 |
| 040 ## - CATALOGING SOURCE | |
| Original cataloging agency | PGC |
| Language of cataloging | eng |
| Description conventions | rda |
| Transcribing agency | PGC |
| Modifying agency | MAL |
| 082 ## - DEWEY DECIMAL CLASSIFICATION NUMBER | |
| Classification number | 225.6 |
| Item number | MOR 1 |
| 090 ## - LOCALLY ASSIGNED LC-TYPE CALL NUMBER (OCLC); LOCAL CALL NUMBER (RLIN) | |
| Classification number (OCLC) (R) ; Classification number, CALL (RLIN) (NR) | BS2397 |
| Local cutter number (OCLC) ; Book number/undivided call number, CALL (RLIN) | .M64 1990 |
| 092 ## - LOCALLY ASSIGNED DEWEY CALL NUMBER (OCLC) | |
| Classification number | 225.6 |
| Item number | M83n |
| 100 1# - MAIN ENTRY--PERSONAL NAME | |
| Personal name | Morris, Leon, |
| Dates associated with a name | 1914-2006. |
| Authority record control number or standard number | https://id.loc.gov/authorities/names/n50005660 |
| 245 10 - TITLE STATEMENT | |
| Title | New Testament theology / |
| Statement of responsibility, etc. | Leon Morris. |
| 250 ## - EDITION STATEMENT | |
| Edition statement | First paperback edition. |
| 260 ## - PUBLICATION, DISTRIBUTION, ETC. | |
| Place of publication, distribution, etc. | Grand Rapids, Mich. : |
| Name of publisher, distributor, etc. | Zondervan Pub. House, |
| Date of publication, distribution, etc. | 1990, c1986. |
| 300 ## - PHYSICAL DESCRIPTION | |
| Extent | 368 pages ; |
| Dimensions | 25 cm |
| 336 ## - CONTENT TYPE | |
| Content type term | text |
| Content type code | txt |
| Source | rdacontent |
| 337 ## - MEDIA TYPE | |
| Media type term | unmediated |
| Media type code | n |
| Source | rdamedia |
| 338 ## - CARRIER TYPE | |
| Carrier type term | volume |
| Carrier type code | nc |
| Source | rdacarrier |
| 504 ## - BIBLIOGRAPHY, ETC. NOTE | |
| Bibliography, etc. note | Includes bibliographical references and indexes. |
| 630 00 - SUBJECT ADDED ENTRY--UNIFORM TITLE | |
| Uniform title | Bible. |
| Name of part/section of a work | New Testament |
| Authority record control number or standard number | https://id.loc.gov/authorities/names/n79023150 |
| General subdivision | Theology. |
| Authority record control number or standard number | https://id.loc.gov/authorities/subjects/sh2001008984 |
| 942 ## - ADDED ENTRY ELEMENTS (KOHA) | |
| Source of classification or shelving scheme | Dewey Decimal Classification |
| Koha item type | Books |
| Suppress in OPAC | No |
| Withdrawn status | Lost status | Source of classification or shelving scheme | Damaged status | Not for loan | Collection | Home library | Current Library | Shelving location | Date acquired | Total checkouts | Full call number | Barcode | Date last seen | Date last checked out | Copy number | Price effective from | Koha item type |
|---|---|---|---|---|---|---|---|---|---|---|---|---|---|---|---|---|---|
| Dewey Decimal Classification | Biblical Studies | GRACE BIBLE COLLEGE | GRACE BIBLE COLLEGE | Biblical Studies | 2025-02-04 | 1 | 225.6 MOR | 020984 | 2025-07-08 | 2025-06-26 | c.1 | 2025-02-04 | Books |